000 00985nam a2200265 i 4500
001 12497
003 KOSZ 005
005 20191030131731.0
008 990506s1970 pl g 000 0 ger
015 _aPB 1970/2340
040 _aWA N
_cKOSZ 005/RW
_dKOSZ 005/RW
041 0 _ager
_apol
080 _a803.0-3:808.4-3
100 1 _aPiprek, Jan
_d(1887-1970).
_eAutor
245 1 0 _aWielki słownik niemiecko-polski =
_bGrosswörterbuch deutsch-polnisch.
_nT. 2,
_pL-Z /
_cJan Piprek, Juliusz Ippoldt.
246 3 1 _aGrosswörterbuch deutsch-polnisch.
260 _aWarszawa :
_bWiedza Powszechna,
_c1970.
300 _aXVI, 1024 s. ;
_c25 cm.
380 _aKsiążki.
655 4 _aSłownik niemiecko-polski
700 1 _aIppoldt, Juliusz
_d(1867-1960)
_eAutor
710 2 _aPaństwowe Wydawnictwo Wiedza Powszechna
_4pbl.
856 _uhttp://koha.tu.koszalin.pl/cgi-bin/koha/opac-detail.pl?biblionumber=12497
_yKatalog online BPK
942 _2UKD
_cKS
999 _c12497
_d12497